Statistiken für Die zehn bestplatzierten FIFA-Länder nach Jahr

Klicken Sie hier um das Quiz zu spielen!

Allgemein

  • Dieses Quiz wurde 827 mal gespielt
  • Das Durchschnittsergebnis liegt bei 17 aus 19

Antwortstatistiken

# JahreTeam% Korrekt
10Brasilien
100%
6Deutschland
100%
9Argentinien
99%
10Spanien
98%
8Frankreich
97%
4Italien
97%
6England
95%
10Portugal
95%
9Belgien
94%
4Niederlande
94%
2Kroatien
85%
1Polen
82%
3Schweiz
82%
2Mexiko
78%
6Uruguay
76%
2Dänemark
74%
5Kolumbien
70%
1Österreich
69%
3Chile
68%

Verteilung der Resultate

Perzentil nach korrekt beantworteten Fragen

Anzahl Personen mit jedem Resultat

Ihre Resultats-Entwicklung

Sie haben dieses Quiz noch nicht gespielt